Srovnání výhod a nevýhod klasických veřejných zákazek a PPP
Základné porovnanie klasickej verejnej zákazky a metódy PPP (Public private partnership) z pohľadu vhodnosti použitia pre jednotlivé prípady verejného investovania. Koncept metódy PPP. Pojem klasická verejná zákazka. Ekonomický pohľad na verejné investovanie. Využitie projektu PPP.
Salvato in:
| Autore principale: | |
|---|---|
| Natura: | Capitolo di libro |
| Lingua: | ceco |
| Soggetti: | |
| Tags: |
Nessun Tag, puoi essere il primo ad aggiungerne!!
|
MARC
| LEADER | 00000naa$a2200000$$$4500 | ||
|---|---|---|---|
| 001 | 0066277 | ||
| 005 | 20221019094123.5 | ||
| 041 | 0 | |a cze | |
| 044 | |a CZ | ||
| 245 | 1 | 0 | |a Srovnání výhod a nevýhod klasických veřejných zákazek a PPP |c Michal Tesař |
| 520 | |a Základné porovnanie klasickej verejnej zákazky a metódy PPP (Public private partnership) z pohľadu vhodnosti použitia pre jednotlivé prípady verejného investovania. Koncept metódy PPP. Pojem klasická verejná zákazka. Ekonomický pohľad na verejné investovanie. Využitie projektu PPP. | ||
| 610 | 2 | 0 | |a záujmy verejné |
| 610 | 2 | 0 | |a investovanie |
| 610 | 2 | 0 | |a služby verejné |
| 610 | 2 | 0 | |a sektor verejný |
| 610 | 2 | 0 | |a zákazky |
| 100 | 1 | |a Tesař, Michal | |